| 000 | 00613nam a2200145Ia 4500 | ||
|---|---|---|---|
| 008 | 100204s9999 xx 000 0 und d | ||
| 082 | _b9391 | ||
| 100 | _aदेशपांडे कृ. पं. | ||
| 245 | _aमहाराष्ट्र दर्शन - संदर्भ सूची | ||
| 260 |
_b"अतुल बुक एजन्सी, पुणे 30" _c1986 |
||
| 300 | _a40 | ||
| 630 | _aमहाराष्ट्र दर्शन - संदर्भ सूची | ||
| 730 | _aमहाराष्ट्र दर्शन - संदर्भ सूची | ||
| 942 | _cBOOK | ||
| 999 |
_c453827 _d453824 |
||